| 000 | 00888nam a2200265 a 4500 | ||
|---|---|---|---|
| 001 | BRL_755 | ||
| 005 | 20190320210900.0 | ||
| 008 | 021013s1937----gw-#######---#000-0#ger-# | ||
| 041 | _ager | ||
| 044 | _agw | ||
| 050 | 4 |
_aD21 _b.P56 1937 |
|
| 100 | 1 |
_aPloetz, Karl Julius _d1819-1881 _924846 |
|
| 245 | 1 | 0 |
_aAuszug aus der alten, mittleren, neueren und neuesten Geschichte _cvon Karl Ploetz ; neu bearbeitet von Friederich Kähler |
| 260 |
_aBerlin _bA. G. Ploetz _c[1937] |
||
| 300 |
_aviii, 864, 88 p. _c18 cm. |
||
| 500 | _aDaten der österreichischen Geschichte / zusammengestellt von Gottfried Franz Litschauer. 88 p. | ||
| 500 | _aAu828 | ||
| 650 | 1 | 4 |
_aHistoria _98124 |
| 650 | 1 | 4 |
_aHistoria antigua _921404 |
| 650 | 1 | 4 |
_aHistoria moderna _915617 |
| 700 | 1 |
_aKähler, Friedrich _917156 |
|
| 740 | 0 | _aDaten der österreichischen Geschichte | |
| 902 | _aGRL | ||
| 942 |
_2lcc _cB |
||
| 999 |
_c9567 _d9567 |
||